000 00531nam a2200145 4500
999 _c7121
_d7121
008 170801b xxu||||| |||| 00| 0 eng d
022 _a16565541
082 _aDPer 641.05 F73 Dec 2012-Nov 2013 v. 9-10, n. 6-5
245 _aDesigning facilities for food safety.
260 _aMakati City, Philippines:
_bHinge Inquirer Publications, Inc.,
_c©2012-2013.
300 _a v10 n3, page 14:
_billustrations;
_c28 cm.
500 _aFood and beverages: make a living with food.
650 0 _921523
_aFood
_xSafety
942 _2ddc
_cPER